[Event "Wroclaw Open"]
[Site "?"]
[Date "2017.08.16"]
[Round "7.12"]
[White "Kaminski, Jan"]
[Black "Czachor, Grzegorz"]
[Result "0-1"]
[BlackElo "2108"]
[WhiteElo "1818"]
[LiveChessVersion "1.4.6"]

1. e4 {[%clk 1:30:57]} Nf6 {[%clk 1:29:50]} 2. e5 {[%clk 1:31:21]} Nd5
{[%clk 1:30:14]} 3. d4 {[%clk 1:31:42]} d6 {[%clk 1:30:36]} 4. Nf3
{[%clk 1:32:06]} g6 {[%clk 1:30:34]} 5. Bc4 {[%clk 1:26:48]} c6 {[%clk 1:30:11]}
6. O-O {[%clk 1:26:01]} dxe5 {[%clk 1:26:59]} 7. Nxe5 {[%clk 1:25:49]} Nd7
{[%clk 1:26:12]} 8. f4 {[%clk 1:24:27]} Nxe5 {[%clk 1:23:00]} 9. fxe5
{[%clk 1:24:28]} Be6 {[%clk 1:21:12]} 10. Qf3 {[%clk 1:20:57]} Bg7
{[%clk 1:19:46]} 11. c3 {[%clk 1:18:52]} O-O {[%clk 1:19:44]} 12. Nd2
{[%clk 1:18:25]} Nc7 {[%clk 1:09:11]} 13. Bxe6 {[%clk 1:14:27]} Nxe6
{[%clk 1:09:22]} 14. Ne4 {[%clk 1:14:48]} Qb6 {[%clk 1:09:36]} 15. Be3
{[%clk 1:09:24]} Qb5 {[%clk 1:04:37]} 16. b3 {[%clk 1:05:38]} Rad8
{[%clk 1:01:27]} 17. Rad1 {[%clk 0:56:39]} Qa5 {[%clk 1:01:19]} 18. Rf2
{[%clk 0:56:25]} f6 {[%clk 0:50:29]} 19. exf6 {[%clk 0:55:31]} exf6
{[%clk 0:50:12]} 20. b4 {[%clk 0:53:15]} Qd5 {[%clk 0:48:30]} 21. Re1
{[%clk 0:51:17]} Qc4 {[%clk 0:44:41]} 22. Bc1 {[%clk 0:49:58]} Nc7
{[%clk 0:22:13]} 23. Nc5 {[%clk 0:40:47]} Rde8 {[%clk 0:20:32]} 24. Rfe2
{[%clk 0:39:46]} Rxe2 {[%clk 0:20:00]} 25. Rxe2 {[%clk 0:40:11]} b6
{[%clk 0:18:33]} 26. Qd3 {[%clk 0:38:53]} Qxd3 {[%clk 0:18:12]} 27. Nxd3
{[%clk 0:39:20]} Kf7 {[%clk 0:18:21]} 28. Kf2 {[%clk 0:38:01]} Rd8
{[%clk 0:17:59]} 29. Nf4 {[%clk 0:36:10]} Rd7 {[%clk 0:17:39]} 30. Bd2
{[%clk 0:35:30]} Bh6 {[%clk 0:15:56]} 31. g4 {[%clk 0:34:49]} Nb5
{[%clk 0:15:35]} 32. Kf3 {[%clk 0:32:56]} Na3 {[%clk 0:13:30]} 33. Be1
{[%clk 0:28:50]} Bxf4 {[%clk 0:13:21]} 34. Kxf4 {[%clk 0:29:14]} Rd5
{[%clk 0:13:41]} 35. h4 {[%clk 0:28:42]} h5 {[%clk 0:13:44]} 36. gxh5
{[%clk 0:27:37]} Rxh5 {[%clk 0:14:06]} 37. Ke4 {[%clk 0:27:45]} a5
{[%clk 0:12:40]} 38. bxa5 {[%clk 0:27:28]} Rxa5 {[%clk 0:12:56]} 39. Kd3
{[%clk 0:27:33]} Ra4 {[%clk 0:13:01]} 40. Rh2 {[%clk 0:26:30]} b5
{[%clk 0:10:48]} 41. Bg3 {[%clk 0:25:41]} Nc4 {[%clk 0:10:28]} 42. Rf2
{[%clk 0:25:54]} Nb6 {[%clk 0:09:16]} 43. Bd6 {[%clk 0:24:54]} Ra8
{[%clk 0:09:00]} 44. Re2 {[%clk 0:22:30]} Nd5 {[%clk 0:07:32]} 45. c4
{[%clk 0:21:55]} bxc4+ {[%clk 0:07:33]} 46. Kxc4 {[%clk 0:22:20]} f5
{[%clk 0:07:16]} 47. Kc5 {[%clk 0:22:23]} Ra6 {[%clk 0:07:26]} 48. a3
{[%clk 0:19:52]} Nc3 {[%clk 0:07:06]} 49. Re7+ {[%clk 0:19:51]} Kf6
{[%clk 0:07:25]} 50. Kc4 {[%clk 0:19:15]} Ne4 {[%clk 0:06:26]} 51. Bb4
{[%clk 0:18:18]} c5 {[%clk 0:06:38]} 52. Rxe4 {[%clk 0:17:53]} cxb4
{[%clk 0:06:02]} 53. Re2 {[%clk 0:18:15]} bxa3 {[%clk 0:06:26]} 54. Ra2
{[%clk 0:18:40]} Ke6 {[%clk 0:04:21]} 55. Kc5 {[%clk 0:17:13]} Kd7
{[%clk 0:03:56]} 56. Kb5 {[%clk 0:16:05]} Ra8 {[%clk 0:04:14]} 57. Kc5
{[%clk 0:16:16]} f4 {[%clk 0:03:58]} 58. Kd5 {[%clk 0:14:40]} f3 0-1

[Event "Wroclaw Open"]
[Site "?"]
[Date "2017.08.16"]
[Round "7.13"]
[White "Decker, Nils"]
[Black "Zagema, Jan Sybren"]
[Result "1-0"]
[BlackElo "1878"]
[WhiteElo "2034"]
[LiveChessVersion "1.4.6"]

1. d4 {[%clk 1:30:47]} Nf6 {[%clk 1:30:52]} 2. c4 {[%clk 1:31:07]} g6
{[%clk 1:31:15]} 3. Nc3 {[%clk 1:31:22]} Bg7 {[%clk 1:31:38]} 4. e4
{[%clk 1:31:34]} d6 {[%clk 1:32:02]} 5. Nf3 {[%clk 1:31:48]} O-O {[%clk 1:32:23]}
6. Be2 {[%clk 1:31:56]} e5 {[%clk 1:32:46]} 7. O-O {[%clk 1:32:13]} Nc6
{[%clk 1:33:11]} 8. d5 {[%clk 1:32:32]} Ne7 {[%clk 1:33:35]} 9. Qc2
{[%clk 1:31:00]} Ne8 {[%clk 1:26:03]} 10. Rd1 {[%clk 1:30:57]} f5
{[%clk 1:23:43]} 11. Ng5 {[%clk 1:25:59]} Rf6 {[%clk 1:15:27]} 12. c5
{[%clk 1:21:53]} h6 {[%clk 0:50:21]} 13. Ne6 {[%clk 1:20:35]} Bxe6
{[%clk 0:50:38]} 14. dxe6 {[%clk 1:20:55]} Qc8 {[%clk 0:45:16]} 15. Bc4
{[%clk 0:46:44]} a6 {[%clk 0:31:27]} 16. b4 {[%clk 0:35:16]} Kh8 {[%clk 0:27:47]}
17. Bb2 {[%clk 0:26:26]} f4 {[%clk 0:25:14]} 18. Qb3 {[%clk 0:23:02]} dxc5
{[%clk 0:13:51]} 19. Rd7 {[%clk 0:15:23]} Nc6 {[%clk 0:13:12]} 20. Nd5
{[%clk 0:14:25]} b5 {[%clk 0:09:17]} 21. Nxf6 {[%clk 0:13:01]} bxc4
{[%clk 0:09:33]} 22. Qa4 {[%clk 0:12:56]} Nxf6 {[%clk 0:08:15]} 23. Qxc6
{[%clk 0:12:11]} Nxd7 {[%clk 0:08:28]} 24. exd7 {[%clk 0:12:32]} Qd8
{[%clk 0:08:40]} 25. bxc5 {[%clk 0:10:14]} Rb8 {[%clk 0:08:17]} 26. Bc3
{[%clk 0:10:19]} Qf6 {[%clk 0:08:25]} 27. Qxc7 {[%clk 0:10:04]} 1-0

[Event "Wroclaw Open"]
[Site "?"]
[Date "2017.08.16"]
[Round "7.14"]
[White "Karykowska, Anna"]
[Black "Widla, Piotr"]
[Result "0-1"]
[BlackElo "2029"]
[WhiteElo "1860"]
[LiveChessVersion "1.4.6"]

1. e4 {[%clk 1:30:57]} c5 {[%clk 1:30:56]} 2. Nf3 {[%clk 1:31:17]} d6
{[%clk 1:31:22]} 3. d4 {[%clk 1:31:40]} cxd4 {[%clk 1:31:49]} 4. Nxd4
{[%clk 1:32:01]} Nf6 {[%clk 1:32:16]} 5. Nc3 {[%clk 1:32:23]} a6 {[%clk 1:32:43]}
6. g3 {[%clk 1:32:48]} e5 {[%clk 1:33:07]} 7. Nde2 {[%clk 1:33:05]} Be6
{[%clk 1:33:07]} 8. Bg2 {[%clk 1:32:25]} Be7 {[%clk 1:33:01]} 9. O-O
{[%clk 1:30:19]} O-O {[%clk 1:32:10]} 10. a4 {[%clk 1:22:01]} Nbd7
{[%clk 1:24:37]} 11. a5 {[%clk 1:17:35]} Rc8 {[%clk 1:14:19]} 12. b3
{[%clk 1:14:03]} Bg4 {[%clk 1:08:03]} 13. f3 {[%clk 1:10:27]} Be6
{[%clk 1:06:41]} 14. Nd5 {[%clk 1:03:51]} Nxd5 {[%clk 1:05:51]} 15. exd5
{[%clk 1:04:08]} Bf5 {[%clk 1:06:17]} 16. c4 {[%clk 1:03:13]} Bf6
{[%clk 1:05:24]} 17. Bb2 {[%clk 0:53:34]} Nc5 {[%clk 1:04:42]} 18. Nc3
{[%clk 0:45:27]} Nd3 {[%clk 0:59:15]} 19. Qd2 {[%clk 0:42:24]} Bg5
{[%clk 0:49:42]} 20. f4 {[%clk 0:35:25]} exf4 {[%clk 0:49:08]} 21. gxf4
{[%clk 0:35:20]} Bf6 {[%clk 0:49:17]} 22. Nd1 {[%clk 0:32:15]} Nxb2
{[%clk 0:48:52]} 23. Nxb2 {[%clk 0:32:39]} b6 {[%clk 0:49:09]} 24. Ra3
{[%clk 0:24:19]} bxa5 {[%clk 0:47:33]} 25. Nd1 {[%clk 0:24:14]} Qb6+
{[%clk 0:45:34]} 26. Nf2 {[%clk 0:23:45]} Bd8 {[%clk 0:37:04]} 27. Kh1
{[%clk 0:21:50]} Qc5 {[%clk 0:36:52]} 28. Rfa1 {[%clk 0:19:06]} Re8
{[%clk 0:36:38]} 29. Bh3 {[%clk 0:16:09]} Bxh3 {[%clk 0:30:12]} 30. Nxh3
{[%clk 0:16:37]} Rb8 {[%clk 0:29:03]} 31. Re1 {[%clk 0:13:18]} Bb6
{[%clk 0:26:37]} 32. Raa1 {[%clk 0:12:46]} h6 {[%clk 0:24:44]} 33. Re2
{[%clk 0:07:24]} Rxe2 {[%clk 0:23:42]} 34. Qxe2 {[%clk 0:07:49]} Qb4
{[%clk 0:23:51]} 35. Rb1 {[%clk 0:06:21]} a4 {[%clk 0:23:45]} 36. Qa2
{[%clk 0:05:41]} Bc5 {[%clk 0:23:05]} 37. f5 {[%clk 0:05:15]} axb3
{[%clk 0:22:50]} 38. Qxa6 {[%clk 0:05:04]} Qc3 {[%clk 0:23:02]} 39. Ng1
{[%clk 0:04:40]} Bxg1 {[%clk 0:22:06]} 40. Qxd6 {[%clk 0:03:13]} Re8
{[%clk 0:22:20]} 41. Qg3 {[%clk 0:02:34]} Be3 {[%clk 0:22:27]} 42. f6
{[%clk 0:01:47]} Qxf6 {[%clk 0:22:39]} 43. d6 {[%clk 0:01:28]} Qf5
{[%clk 0:17:14]} 44. Rxb3 {[%clk 0:00:54]} Qf1+ {[%clk 0:17:36]} 0-1

[Event "Wroclaw Open"]
[Site "?"]
[Date "2017.08.16"]
[Round "7.15"]
[White "Motyl, Tomasz"]
[Black "Marko, Piotr"]
[Result "1-0"]
[BlackElo "1794"]
[WhiteElo "2027"]
[LiveChessVersion "1.4.6"]

1. g3 {[%clk 1:30:30]} Nf6 {[%clk 1:28:56]} 2. Bg2 {[%clk 1:30:46]} d5
{[%clk 1:29:13]} 3. Nf3 {[%clk 1:30:11]} g6 {[%clk 1:29:30]} 4. O-O
{[%clk 1:30:00]} Bg7 {[%clk 1:29:52]} 5. d4 {[%clk 1:28:57]} O-O {[%clk 1:30:07]}
6. c4 {[%clk 1:28:28]} c6 {[%clk 1:30:31]} 7. Nc3 {[%clk 1:27:31]} dxc4
{[%clk 1:30:51]} 8. Qc2 {[%clk 1:18:10]} b5 {[%clk 1:23:17]} 9. Ne5
{[%clk 0:59:59]} Qb6 {[%clk 1:04:29]} 10. a4 {[%clk 0:49:14]} Bb7
{[%clk 0:42:06]} 11. Be3 {[%clk 0:39:02]} a6 {[%clk 0:42:13]} 12. b3
{[%clk 0:27:44]} b4 {[%clk 0:26:15]} 13. Nxc4 {[%clk 0:27:27]} Qd8
{[%clk 0:25:03]} 14. Ne4 {[%clk 0:26:29]} a5 {[%clk 0:17:07]} 15. Nc5
{[%clk 0:26:07]} Bc8 {[%clk 0:17:26]} 16. Rfd1 {[%clk 0:16:54]} Nd5
{[%clk 0:11:23]} 17. Qd2 {[%clk 0:12:18]} Nxe3 {[%clk 0:03:01]} 18. Qxe3
{[%clk 0:12:04]} Ba6 {[%clk 0:01:53]} 19. Rac1 {[%clk 0:10:38]} Bxc4
{[%clk 0:01:43]} 20. Rxc4 {[%clk 0:11:02]} Ra7 {[%clk 0:00:59]} 21. Qe4
{[%clk 0:10:01]} e5 {[%clk 0:00:42]} 22. d5 {[%clk 0:09:23]} cxd5
{[%clk 0:01:00]} 23. Rxd5 {[%clk 0:09:42]} Qe7 {[%clk 0:01:02]} 24. Qd3
{[%clk 0:09:09]} Rc8 {[%clk 0:00:32]} 25. Bh3 {[%clk 0:05:28]} Re8
{[%clk 0:00:34]} 26. Ne4 {[%clk 0:05:34]} f5 {[%clk 0:00:35]} 27. Nd6
{[%clk 0:05:24]} e4 {[%clk 0:00:47]} 28. Qd1 {[%clk 0:05:16]} Rd7
{[%clk 0:00:49]} 29. Nc8 {[%clk 0:04:31]} Qe6 {[%clk 0:00:36]} 30. Rxd7
{[%clk 0:03:44]} Qxd7 {[%clk 0:00:38]} 31. Qxd7 {[%clk 0:02:41]} Nxd7
{[%clk 0:01:04]} 32. Nd6 {[%clk 0:02:33]} Ne5 {[%clk 0:00:43]} 33. Rc5
{[%clk 0:01:49]} Rd8 {[%clk 0:01:03]} 34. Nb7 {[%clk 0:01:44]} Rd1+
{[%clk 0:00:52]} 35. Kg2 {[%clk 0:02:10]} Nd7 {[%clk 0:00:32]} 36. Rc8+
{[%clk 0:01:57]} Kf7 {[%clk 0:00:55]} 37. Nxa5 {[%clk 0:02:14]} Rd2
{[%clk 0:00:50]} 38. e3 {[%clk 0:02:09]} Ne5 {[%clk 0:00:39]} 39. Nc4
{[%clk 0:02:23]} Rd3 {[%clk 0:00:32]} 40. Rc7+ {[%clk 0:02:10]} Kg8 41. Nxe5
{[%clk 0:01:38]} Bxe5 {[%clk 0:00:58]} 42. Re7 {[%clk 0:01:44]} Bf6
{[%clk 0:00:57]} 43. Rb7 {[%clk 0:01:47]} Rxb3 {[%clk 0:01:20]} 44. g4
{[%clk 0:02:10]} fxg4 {[%clk 0:00:38]} 45. Bxg4 {[%clk 0:02:37]} Rb2
{[%clk 0:00:00]} 46. Be6+ Rb3 47. Bg4 1-0

[Event "Wroclaw Open"]
[Site "?"]
[Date "2017.08.16"]
[Round "7.16"]
[White "Jankowiak, Piotr"]
[Black "Hetzer, Volkhard"]
[Result "0-1"]
[BlackElo "1980"]
[WhiteElo "1774"]
[LiveChessVersion "1.4.6"]

1. e4 {[%clk 1:30:57]} e5 {[%clk 1:27:14]} 2. Nf3 {[%clk 1:31:09]} Nc6
{[%clk 1:25:46]} 3. Bc4 {[%clk 1:31:24]} Nf6 {[%clk 1:26:07]} 4. d3
{[%clk 1:31:24]} Be7 {[%clk 1:26:18]} 5. O-O {[%clk 1:30:15]} O-O
{[%clk 1:26:28]} 6. c3 {[%clk 1:30:21]} d6 {[%clk 1:26:44]} 7. Re1
{[%clk 1:26:34]} Na5 {[%clk 1:26:35]} 8. Bb5 {[%clk 1:25:30]} c5 {[%clk 1:21:16]}
9. Ba4 {[%clk 1:08:12]} a6 {[%clk 1:14:49]} 10. b4 {[%clk 1:05:08]} cxb4
{[%clk 1:14:14]} 11. cxb4 {[%clk 1:05:31]} Nc6 {[%clk 1:14:38]} 12. a3
{[%clk 1:04:53]} h6 {[%clk 1:08:51]} 13. d4 {[%clk 0:53:44]} Nxd4
{[%clk 0:56:47]} 14. Nxd4 {[%clk 0:53:44]} exd4 {[%clk 0:57:10]} 15. Bb2
{[%clk 0:51:49]} Ng4 {[%clk 0:34:28]} 16. Bxd4 {[%clk 0:40:29]} Bf6
{[%clk 0:34:24]} 17. h3 {[%clk 0:36:58]} Ne5 {[%clk 0:25:42]} 18. Nc3
{[%clk 0:28:18]} Be6 {[%clk 0:23:37]} 19. Nd5 {[%clk 0:14:37]} Bxd5
{[%clk 0:23:59]} 20. exd5 {[%clk 0:15:01]} Rc8 {[%clk 0:20:27]} 21. Bb3
{[%clk 0:14:23]} Re8 {[%clk 0:17:52]} 22. Kf1 {[%clk 0:14:41]} Qd7
{[%clk 0:14:28]} 23. a4 {[%clk 0:14:04]} Qf5 {[%clk 0:14:45]} 24. Re3
{[%clk 0:07:34]} Bg5 {[%clk 0:11:34]} 25. Rg3 {[%clk 0:07:37]} Bh4
{[%clk 0:10:49]} 26. Bxe5 {[%clk 0:07:46]} Qxe5 {[%clk 0:09:23]} 27. Re3
{[%clk 0:06:16]} Qh2 {[%clk 0:09:32]} 28. g3 {[%clk 0:00:38]} Rxe3
{[%clk 0:09:13]} 29. fxe3 {[%clk 0:01:05]} Qxg3 {[%clk 0:06:57]} 30. Qe2
{[%clk 0:01:00]} Rc3 {[%clk 0:05:23]} 0-1

[Event "Wroclaw Open"]
[Site "?"]
[Date "2017.08.16"]
[Round "7.17"]
[White "Van Der Heide, Gerben"]
[Black "Ochman, Sebastian"]
[Result "0-1"]
[BlackElo "1748"]
[WhiteElo "1908"]
[LiveChessVersion "1.4.6"]

1. e4 {[%clk 1:30:58]} e5 {[%clk 1:30:58]} 2. Nf3 {[%clk 1:31:20]} Nc6
{[%clk 1:31:19]} 3. Bc4 {[%clk 1:31:41]} Be7 {[%clk 1:31:35]} 4. c3
{[%clk 1:30:29]} Nf6 {[%clk 1:27:35]} 5. d3 {[%clk 1:27:33]} O-O {[%clk 1:26:54]}
6. Bb3 {[%clk 1:27:49]} d5 {[%clk 1:03:48]} 7. Qe2 {[%clk 1:26:48]} Bg4
{[%clk 0:54:19]} 8. h3 {[%clk 1:26:47]} Bh5 {[%clk 0:41:53]} 9. Nbd2
{[%clk 1:25:07]} d4 {[%clk 0:36:34]} 10. Nf1 {[%clk 1:20:59]} Qd6
{[%clk 0:26:42]} 11. g4 {[%clk 1:19:38]} Bg6 {[%clk 0:27:07]} 12. Ng3
{[%clk 1:13:17]} Rad8 {[%clk 0:25:36]} 13. c4 {[%clk 1:08:39]} Nd7
{[%clk 0:22:56]} 14. Nf5 {[%clk 1:05:41]} Bxf5 {[%clk 0:22:31]} 15. gxf5
{[%clk 1:05:45]} Nc5 {[%clk 0:22:20]} 16. Bc2 {[%clk 1:00:09]} Bf6
{[%clk 0:21:52]} 17. Bd2 {[%clk 0:58:05]} a5 {[%clk 0:22:21]} 18. a3
{[%clk 0:55:49]} Ra8 {[%clk 0:22:27]} 19. Nh2 {[%clk 0:49:54]} g6
{[%clk 0:17:08]} 20. Ng4 {[%clk 0:46:01]} Bg7 {[%clk 0:17:34]} 21. Rg1
{[%clk 0:45:38]} Nd7 {[%clk 0:13:35]} 22. Rg2 {[%clk 0:34:01]} a4
{[%clk 0:13:01]} 23. Nh6+ {[%clk 0:23:39]} Kh8 {[%clk 0:13:07]} 24. O-O-O
{[%clk 0:17:27]} Nc5 {[%clk 0:11:31]} 25. Rdg1 {[%clk 0:15:38]} Nb3+
{[%clk 0:11:40]} 26. Bxb3 {[%clk 0:15:53]} axb3 {[%clk 0:12:09]} 27. Kd1
{[%clk 0:14:08]} Qc5 {[%clk 0:05:30]} 28. Bc1 {[%clk 0:12:12]} b5
{[%clk 0:04:55]} 29. cxb5 {[%clk 0:11:33]} Qxb5 {[%clk 0:04:56]} 30. Ng4
{[%clk 0:10:56]} Rfb8 {[%clk 0:04:44]} 31. f3 {[%clk 0:09:26]} Nd8
{[%clk 0:03:16]} 32. h4 {[%clk 0:05:42]} Nb7 {[%clk 0:03:17]} 33. f6
{[%clk 0:04:15]} Bf8 {[%clk 0:03:45]} 34. h5 {[%clk 0:04:31]} Kg8
{[%clk 0:03:10]} 35. hxg6 {[%clk 0:02:36]} fxg6 {[%clk 0:03:26]} 36. Rh2
{[%clk 0:02:27]} Nc5 {[%clk 0:02:10]} 37. Nxe5 {[%clk 0:02:20]} Na4
{[%clk 0:02:38]} 38. f7+ {[%clk 0:01:54]} Kg7 {[%clk 0:02:55]} 39. Nc4
{[%clk 0:01:11]} Nc3+ {[%clk 0:03:12]} 40. bxc3 {[%clk 0:01:28]} dxc3
{[%clk 0:03:40]} 41. Rxh7+ {[%clk 0:01:09]} Kxh7 {[%clk 0:03:37]} 42. Rh1+
{[%clk 0:00:47]} Kg7 {[%clk 0:04:01]} 43. Qe3 {[%clk 0:00:35]} Rd8
{[%clk 0:02:44]} 44. Qh6+ {[%clk 0:00:40]} Kxf7 {[%clk 0:03:13]} 45. Qf4+
{[%clk 0:00:57]} Kg8 {[%clk 0:03:10]} 46. Ne5 {[%clk 0:00:45]} Qe8
{[%clk 0:02:03]} 47. Qh4 {[%clk 0:00:35]} Bg7 {[%clk 0:01:21]} 48. Qh7+
{[%clk 0:00:56]} Kf8 {[%clk 0:01:50]} 49. Qxg6 0-1

[Event "Wroclaw Open"]
[Site "?"]
[Date "2017.08.16"]
[Round "7.19"]
[White "Slacky, Stanislav"]
[Black "Galant, Ireneusz"]
[Result "1/2-1/2"]
[BlackElo "1739"]
[WhiteElo "2210"]
[LiveChessVersion "1.4.6"]

1. d4 {[%clk 1:28:47]} d5 {[%clk 1:30:47]} 2. c4 {[%clk 1:29:09]} e6
{[%clk 1:31:08]} 3. Nf3 {[%clk 1:29:28]} Nf6 {[%clk 1:31:27]} 4. g3
{[%clk 1:29:47]} dxc4 {[%clk 1:30:05]} 5. Qa4+ {[%clk 1:25:58]} Bd7
{[%clk 1:26:57]} 6. Qxc4 {[%clk 1:25:57]} Bc6 {[%clk 1:26:41]} 7. Bg2
{[%clk 1:25:24]} Be7 {[%clk 1:23:48]} 8. Nc3 {[%clk 1:24:19]} Nbd7
{[%clk 1:18:05]} 9. O-O {[%clk 1:22:07]} Nb6 {[%clk 1:17:44]} 10. Qd3
{[%clk 1:20:16]} Nfd5 {[%clk 1:05:59]} 11. Ne5 {[%clk 1:14:54]} h5
{[%clk 1:01:23]} 12. a3 {[%clk 0:55:59]} Bf6 {[%clk 0:52:06]} 13. Nxc6
{[%clk 0:54:45]} bxc6 {[%clk 0:52:32]} 14. e4 {[%clk 0:54:49]} Nxc3
{[%clk 0:52:31]} 15. bxc3 {[%clk 0:55:17]} Qd7 {[%clk 0:42:46]} 16. f4
{[%clk 0:45:20]} Rd8 {[%clk 0:38:08]} 17. Be3 {[%clk 0:37:10]} h4
{[%clk 0:29:47]} 18. Rfd1 {[%clk 0:35:00]} hxg3 {[%clk 0:29:58]} 19. hxg3
{[%clk 0:35:25]} e5 {[%clk 0:28:36]} 20. Qe2 {[%clk 0:29:15]} exf4
{[%clk 0:28:04]} 21. Bxf4 {[%clk 0:26:28]} Be7 {[%clk 0:26:30]} 22. Kf2
{[%clk 0:18:52]} Na4 {[%clk 0:23:26]} 23. Qc2 {[%clk 0:16:52]} Nb6
{[%clk 0:20:04]} 24. Rh1 {[%clk 0:16:00]} Rxh1 {[%clk 0:18:01]} 25. Rxh1
{[%clk 0:16:29]} c5 {[%clk 0:12:30]} 26. Rh8+ {[%clk 0:09:56]} Bf8
{[%clk 0:12:58]} 27. dxc5 {[%clk 0:09:30]} Na4 {[%clk 0:12:37]} 28. Be3
{[%clk 0:05:36]} Rb8 {[%clk 0:12:42]} 29. Bh3 {[%clk 0:04:16]} Qc6
{[%clk 0:11:45]} 30. Qd3 {[%clk 0:02:06]} Nxc5 {[%clk 0:11:34]} 31. Bxc5
{[%clk 0:02:22]} Qxc5+ {[%clk 0:11:50]} 32. Kf3 {[%clk 0:02:46]} Qc6
{[%clk 0:11:25]} 33. Qd4 {[%clk 0:01:55]} Qf6+ {[%clk 0:05:00]} 34. Ke3
{[%clk 0:01:28]} Qg5+ {[%clk 0:05:22]} 35. Kf3 {[%clk 0:01:28]} Qf6+
{[%clk 0:05:09]} 36. Ke3 {[%clk 0:01:35]} Qg5+ {[%clk 0:05:04]} 37. Kf3
{[%clk 0:00:55]} 1/2-1/2

[Event "Wroclaw Open"]
[Site "?"]
[Date "2017.08.16"]
[Round "7.20"]
[White "Borowski, Przemyslaw"]
[Black "Jachym, Adam"]
[Result "0-1"]
[BlackElo "2005"]
[WhiteElo "1759"]
[LiveChessVersion "1.4.6"]

1. Nf3 {[%clk 1:30:57]} Nf6 {[%clk 1:30:46]} 2. g3 {[%clk 1:30:36]} d5
{[%clk 1:30:45]} 3. Bg2 {[%clk 1:30:56]} g6 {[%clk 1:30:50]} 4. O-O
{[%clk 1:29:54]} Bg7 {[%clk 1:31:10]} 5. d3 {[%clk 1:29:47]} O-O {[%clk 1:31:15]}
6. Nbd2 {[%clk 1:28:58]} Re8 {[%clk 1:28:14]} 7. c4 {[%clk 1:28:06]} c6
{[%clk 1:27:59]} 8. Ne5 {[%clk 1:22:23]} Ng4 {[%clk 1:25:31]} 9. Nxg4
{[%clk 1:18:53]} Bxg4 {[%clk 1:24:05]} 10. cxd5 {[%clk 1:15:45]} cxd5
{[%clk 1:24:02]} 11. h3 {[%clk 1:08:40]} Bc8 {[%clk 1:23:39]} 12. Qb3
{[%clk 1:02:25]} e6 {[%clk 1:22:15]} 13. e4 {[%clk 0:57:28]} Nc6 {[%clk 1:22:17]}
14. Nf3 {[%clk 0:55:13]} Qb6 {[%clk 1:19:49]} 15. Qxb6 {[%clk 0:37:37]} axb6
{[%clk 1:19:39]} 16. exd5 {[%clk 0:24:37]} exd5 {[%clk 1:19:31]} 17. Re1
{[%clk 0:24:33]} Bf5 {[%clk 1:18:46]} 18. Rxe8+ {[%clk 0:18:18]} Rxe8
{[%clk 1:19:06]} 19. Be3 {[%clk 0:16:55]} d4 {[%clk 1:18:03]} 20. Bf4
{[%clk 0:14:35]} Bxd3 {[%clk 1:18:13]} 21. Re1 {[%clk 0:13:30]} Rxe1+
{[%clk 1:18:04]} 22. Nxe1 {[%clk 0:13:55]} Bb1 {[%clk 1:17:59]} 23. Bd5
{[%clk 0:08:46]} b5 {[%clk 1:14:31]} 24. a3 {[%clk 0:07:36]} d3 {[%clk 1:14:32]}
25. Nf3 {[%clk 0:06:31]} Bxb2 {[%clk 1:13:55]} 26. Ng5 {[%clk 0:05:35]} Bxa3
{[%clk 1:10:22]} 27. Nxf7 {[%clk 0:05:13]} Kf8 {[%clk 1:09:09]} 28. Bh6+
{[%clk 0:04:33]} Ke8 {[%clk 1:09:16]} 29. Kf1 {[%clk 0:02:25]} Bb4
{[%clk 1:09:09]} 30. Bxc6+ {[%clk 0:00:35]} bxc6 {[%clk 1:08:54]} 31. Ne5
{[%clk 0:00:50]} Bc2 {[%clk 1:08:32]} 0-1

[Event "Wroclaw Open"]
[Site "?"]
[Date "2017.08.16"]
[Round "7.21"]
[White "Madera, Mateusz"]
[Black "Zamekhovskiy, Yevgen"]
[Result "1/2-1/2"]
[BlackElo "1707"]
[WhiteElo "1962"]
[LiveChessVersion "1.4.6"]

1. e4 d6 2. d4 Nf6 3. Nc3 e5 4. Nge2 Be7 5. g3 c6 6. a4 O-O 7. Bg2 Nbd7 8. O-O
Re8 9. h3 a5 10. Be3 exd4 11. Bxd4 Nc5 12. g4 Nfd7 13. Ng3 Ne6 14. Be3 Ne5 15.
Nf5 Bf8 16. b3 Nc5 17. Qd2 Bxf5 18. gxf5 Ned7 19. Kh1 Nf6 20. Qd4 Qe7 21. Bg5 Qe5
22. Qxe5 dxe5 23. Rad1 Rad8 24. Bf3 Be7 25. Kg2 Na6 26. Nb1 Nb4 27. c3 Nd3 28.
Nd2 1/2-1/2

[Event "Wroclaw Open"]
[Site "?"]
[Date "2017.08.16"]
[Round "7.22"]
[White "De Jong, Wietse"]
[Black "Dytman, Radoslaw"]
[Result "0-1"]
[BlackElo "1601"]
[WhiteElo "1956"]
[LiveChessVersion "1.4.6"]

1. e4 e5 2. Nf3 Nc6 3. Bc4 Bc5 4. b4 Bxb4 5. c3 Ba5 6. d4 d6 7. Qb3 Qd7 8. O-O
Bb6 9. dxe5 Na5 10. e6 fxe6 11. Qb4 Nxc4 12. Qxc4 e5 13. Na3 Nf6 14. Bb2 Qc6 15.
Qxc6+ bxc6 16. Rfe1 Ba6 17. Rad1 O-O 18. Nc2 Rab8 19. Nb4 Bb5 20. Bc1 c5 21. Nc2
Ba4 22. Rd2 Ba5 23. Re3 Rb1 24. Re1 Rb4 0-1

[Event "Wroclaw Open"]
[Site "?"]
[Date "2017.08.16"]
[Round "8.2"]
[White "Vypkhaniuk, Ihor"]
[Black "Sivakumar, Ashvin"]
[Result "1/2-1/2"]
[BlackElo "2221"]
[WhiteElo "2333"]
[LiveChessVersion "1.4.6"]

1. Nf3 {[%clk 1:30:56]} Nf6 {[%clk 1:30:48]} 2. c4 {[%clk 1:31:23]} g6
{[%clk 1:31:09]} 3. Nc3 {[%clk 1:31:45]} Bg7 {[%clk 1:31:06]} 4. d4
{[%clk 1:32:05]} O-O 5. Bg5 {[%clk 1:32:20]} d6 {[%clk 1:31:10]} 6. e3 h6
{[%clk 1:25:01]} 7. Bh4 {[%clk 1:32:52]} g5 {[%clk 1:25:15]} 8. Bg3
{[%clk 1:33:16]} Nh5 {[%clk 1:25:37]} 9. Qc2 {[%clk 1:23:55]} c5 10. dxc5
{[%clk 1:24:23]} dxc5 {[%clk 1:20:31]} 11. Rd1 Qa5 12. Be5 {[%clk 1:00:53]} Nc6
{[%clk 1:15:26]} 13. Bxg7 {[%clk 1:01:09]} Nxg7 14. a3 {[%clk 0:57:42]} Bf5
{[%clk 1:14:37]} 15. Qb3 1/2-1/2